Berühmte Theologen - Statistiken

Allgemein
  • Dieses Quiz wurde 99 mal gespielt
  • Das Durchschnittsergebnis liegt bei 7 aus 20
Antwortstatistiken
Hinweis Antwort % Korrekt
Wichiger Apostel und Verfasser vieler biblischer Bücher (Briefe) ~10 v. Chr. - ~60 n. Chr. Paulus von Tarsus
86%
Reformator, welcher in 95 Thesen den Ablasshandel kritisierte 1483 - 1546 Martin Luther
78%
Reformator in Genf, Vertreter der Lehre der Doppelten Prädestination 1509 - 1564 Johannes Calvin
54%
Gründer eines Bettelordens, in der Katholischen Kirche als Heiliger der Tiere verehrt 1182 -1226 Franz von Assisi
53%
Züricher Reformator, welcher die Reformierte Kirche mitgründete 1484 - 1531 Huldrych Zwingli
53%
Gründer eines Mönchsordens und des Klosters Monte Cassino, „Ora et labora et lege“ 480 - 547 Benedikt von Nursia
48%
Wichtigster christlicher Philosoph der Antike, Autor von "De civitate Dei" 354 - 430 Augustinus von Hippo
47%
Protestantischer Widerstandskämpfer gegen Hitler, hingerichtet im KZ 1906 - 1945 Dietrich Bonhoeffer
39%
Wichtigster Philosoph des Mittelalters, entwickelte vier Gottesbeweise, Autor der "Summa theologiae" 1225 - 1275 Thomas von Aquin
38%
Wichtiger Papst, der das Gewicht dieses Amtes stark vergrößerte, genannt "der Große" 540 - 604 Gregor der Große
37%
Bischof von Mailand und Gegner der Arianer, stärkte die Macht der Kirche gegenüber dem Kaiser 339 - 397 Ambrosius von Mailand
32%
Zisterzienserabt, der diesen Orden verbreitete und für die Kreuzzüge predigte 1090- 1153 Bernhard von Clairvaux
22%
Gründer der Bekennenden Kirche und Verfasser der Barmer Theologischen Erklärung 1886 - 1968 Karl Barth
22%
Entwickelte ein Programm zur Entmythologisierung des Neuen Testaments 1884 - 1976 Rudolf Bultmann
20%
Wichtiger Mystiker des Spätmittelalters 1260 - 1328 Meister Eckhart
13%
Deutscher Scholastiker, welcher den Weg für die christliche Aristotelik bereitete 1200 - 1280 Albertus Magnus
10%
Erzbischof von El Salvador und Vertreter der Befreiungstheologie, 1980 ermordet 1917 - 1980 Oscar Romero
10%
Gründer der Methodistischen Bewegung 1703 - 1791 John Wesley
9%
Kirchenvater und Gegner des Nestorius, verantwortlich für den Tod der Hypathia ~ 375 - 444 Kyrill von Alexandria
8%
Methodistischer Theologe, Pazifist und Gegner der "gerechten Kriegs"-Theorie geb. 1940 Stanley Hauerwas
3%
Keine übereinstimmenden Quizze gefunden
Verteilung der Resultate
Anzahl Personen mit jedem Resultat
Perzentil nach korrekt beantworteten Fragen
Ihre Resultats-Entwicklung
Sie haben dieses Quiz noch nicht gespielt